Great Lakes - Map Quiz - Statistics

General Stats
  • This quiz has been taken 6,461 times
    4,371 since last reset
  • The average score is 4 of 5
Answers on the Map
Answers color-coded by a green-red scale on the quiz's map according to % correct below.
 
Answer Stats
Answer % Correct
Lake Michigan
88%
Lake Superior
85%
Lake Ontario
80%
Lake Erie
73%
Lake Huron
68%
No matching quizzes found
Score Distribution
Percent of People with Each Score
Percentile by Number Answered
Your Score History
You have not taken this quiz since the last reset